Money Clichés - Statistics

General Stats
  • This quiz has been taken 63,054 times
    63,040 since last reset
  • The average score is 16 of 22
Answer Stats
Cliché % Correct
Money doesn't grow on {trees}
99%
The rich keep getting {richer}
92%
Money makes the world go {round}
90%
A {penny} for your thoughts
89%
Don't bite the hand that {feeds} you
87%
Money is the root of all {evil}
85%
Put your money where your {mouth} is
85%
{Time} is money
85%
Money burning a hole in one's {pocket}
84%
A nickel ain't worth a {dime} anymore
83%
Another {day} another dollar
82%
Worth its {weight} in gold
82%
Laugh all the way to the {bank}
79%
Bet your {bottom} dollar
68%
Rolling in the {dough}
66%
A penny {saved} is a penny earned
65%
Bring home the {bacon}
65%
Neither a borrower, nor a {lender} be
54%
A {fool} and his money are soon parted
51%
Making money hand over {fist}
48%
There's no such thing as a free {lunch}
48%
Penny wise and {pound} foolish
36%
No matching quizzes found
Score Distribution
Percent of People with Each Score
Percentile by Number Answered
Your Score History
You have not taken this quiz since the last reset